000 01517nam a22002417a 4500
005 20180219153120.0
010 _aB-525435-438 B-666479
020 _a9788183303538
_c795.00
035 _aB-525435-438
035 _aB-666479
037 _aDPL/STAR
082 _a302.230954
100 _aशर्मा, कृष्ण कुमार
245 _aमीडीया और मानवाधिकार/
_c कृष्ण कुमार शर्मा
260 _aनई दिल्ली
_bअर्जुन पब्लिशिंग हाउस
_c2012
260 _c2017
270 _a4831/24, प्रहलाद गली,अंसारी रोड दरिया गंज
_bनई दिल्ली
_e110002
_k23272541, 23257835
_l91-011-23257835
_marjunbooks2001@gmail.com
300 _a261 पृ.
_c21 से.मी. (सजिल्द)
520 _aHN2013-14
942 _2ddc
_cHN
_mशर्माकृ
_h302.230954
999 _c82962
_d82962